Automobile market of India: Basic statistics (Record no. 38813)

MARC details
000 -LEADER
fixed length control field 00358nam a2200133Ia 4500
082 ## - DEWEY DECIMAL CLASSIFICATION NUMBER
Classification number 339.138:629.113
Item number RAG;1
245 #0 - TITLE STATEMENT
Title Automobile market of India: Basic statistics
260 ## - PUBLICATION, DISTRIBUTION, ETC. (IMPRINT)
Place of publication Calcutta
Name of publisher Saroja & Shanti
Year of publication 1984
650 ## - SUBJECT ADDED ENTRY--TOPICAL TERM
Topical Term Automobile markets
700 ## - ADDED ENTRY--PERSONAL NAME
Personal name RAGHAVAN
700 ## - ADDED ENTRY--PERSONAL NAME
Personal name SAROJA
942 ## - ADDED ENTRY ELEMENTS (KOHA)
Koha item type Books
Holdings
Withdrawn status Lost status Damaged status Not for loan Home library Current library Date acquired Full call number Accession Number Koha item type
        RRII Library RRII Library 16/12/2021 339.138:629.113 RAG;1 19164 Books